Multicriteria decision-aid
Enregistré dans:
| Auteur principal: | |
|---|---|
| Autres auteurs: | |
| Format: | Livre |
| Langue: | anglais |
| Publié: |
Chichester
John Wiley & Sons
1992
|
| Sujets: | |
| Tags: |
Pas de tags, Soyez le premier à ajouter un tag!
|
MARC
| LEADER | 00000nam$a2200000$$$4500 | ||
|---|---|---|---|
| 001 | 0010984 | ||
| 005 | 20221207103832.0 | ||
| 020 | |a 0-471-93184-5 | ||
| 041 | 0 | |a eng | |
| 044 | |a GB | ||
| 245 | 1 | 0 | |a Multicriteria decision-aid |c Philippe Vincke ; translated from French by Marjorie Gassner, foreword by Bernard Roy |
| 264 | 1 | |a Chichester |b John Wiley & Sons |c 1992 | |
| 300 | |a xx, 154 s. | ||
| 610 | 2 | 0 | |a rozhodovanie |
| 610 | 2 | 0 | |a modely rozhodovania |
| 610 | 2 | 0 | |a metódy rozhodovania |
| 610 | 2 | 0 | |a procesy rozhodovacie |
| 610 | 2 | 0 | |a modely matematické |
| 100 | 1 | |a Vincke, Philippe | |
| 700 | 1 | |a Gassner, Marjorie | |